Curso completo de literatura latina : (Record no. 193617)

MARC details
000 -LEADER
campo de control de longitud fija 00946nam a2200241 i 4500
001 - NÚMERO DE CONTROL
campo de control 193617
003 - IDENTIFICADOR DE NÚMERO DE CONTROL
campo de control ES-MaACL
005 - FECHA Y HORA DE LA ÚLTIMA TRANSACCIÓN
campo de control 20250801100038.0
008 - DATOS DE LONGITUD FIJA--INFORMACIÓN GENERAL
campo de control de longitud fija 250113s1851 sp 000 0 spa d
035 ## - NÚMERO DE CONTROL DEL SISTEMA
Número de control de sistema Rebiun06095428
040 ## - FUENTE DE CATALOGACIÓN
Centro catalogador/agencia de origen UVA.
Lengua de catalogación spa
Centro/agencia transcriptor ES-MaACL
100 ## - ENTRADA PRINCIPAL--NOMBRE DE PERSONA
Nombre de persona Pérez Martín, Félix
9 (RLIN) 234960
Término indicativo de función/relación Autor
245 10 - MENCIÓN DEL TÍTULO
Título Curso completo de literatura latina :
Resto del título dispuesto con arreglo al programa del gobierno... /
Mención de responsabilidad, etc. por Felix Perez Martin
260 ## - PUBLICACIÓN, DISTRIBUCIÓN, ETC.
Lugar de publicación, distribución, etc. Burgos :
Nombre del editor, distribuidor, etc. Imprenta de Arnaiz,
Fecha de publicación, distribución, etc. 1851
300 ## - DESCRIPCIÓN FÍSICA
Extensión 442, CCXLIV, [16] p. ;
Dimensiones 23 cm
510 ## - NOTA DE CITAS O REFERENCIAS BIBLIOGRÁFICAS
Nombre de la fuente CCPB,
Localización dentro de la fuente 000199750-5
650 07 - PUNTO DE ACCESO ADICIONAL DE MATERIA--TÉRMINO DE MATERIA
Término de materia o nombre geográfico como elemento de entrada Literatura latina
Fuente del encabezamiento o término embne
9 (RLIN) 14632
752 ## - ENTRADA AGREGADA--NOMBRE JERÁRQUICO DEL LUGAR
País o entidad superior España
Ciudad Burgos
852 ## - LOCALIZACIÓN
Ubicación ES-MaACL
itemnumber 204527
Sublocalización o colección R.154987
Número de control de estantería G-16027
Ubicación en estantería Depósito 2
Encuadernación Encuadernación holandesa
Marcas de propiedad Sello impreso en verso de cubierta anterior: "Imprenta, Librería y Encuadernacion de Moran"
942 ## - ELEMENTOS DE ENTRADA SECUNDARIOS (KOHA)
Tipo de ítem Koha Libro impreso antiguo
Holdings
Estatus retirado Estado de pérdida Fuente del sistema de clasificación o colocación Estado de daño No para préstamo Colección Biblioteca de origen Biblioteca actual Ubicación en estantería Fecha de adquisición Total de préstamos Signatura topográfica completa Código de barras Visto por última vez Precio de reemplazo Tipo de ítem Koha
    Clasificación decimal universal     Libros del s. XIX Biblioteca del Ateneo de Madrid Biblioteca del Ateneo de Madrid Depósito 2 13/01/2025   G-16027 101229342 13/01/2025 13/01/2025 Libro impreso antiguo